Noms des pays d'Europe dans la langue natale - Statistiques

Statistiques générales
  • Ce quiz a été pris 43 fois
  • Le résultat moyen est 16 sur 51
Statistiques - réponses
Pays Nom original % Correct
Belgique (Français) Belgique
100%
France France
90%
Allemagne Deutschland
81%
Espagne España
81%
Italie Italia
81%
Royaume-Uni United Kingdom
77%
Andorre Andorra
71%
Monaco Monaco
71%
Autriche Österreich
71%
Portugal Portugal
68%
Suisse (en français) Suisse
68%
Liechtenstein Liechtenstein
65%
Malte Malta
58%
Saint-Marin San Marino
55%
Irlande Eire
48%
Pologne Polska
48%
Roumanie România
45%
Belgique (Néerlandais) België
39%
Vatican (en italien) Vaticano
39%
Pays-Bas Nederland
32%
Islande Ísland
29%
Norvège Norge / Noreg
29%
Finlande Suomi
29%
Suisse (en allemand) die Schweiz
26%
Moldavie Moldova
26%
Danemark Danmark
23%
Estonie Eesti
19%
Croatie Hrvatska
19%
Suède Sverige
16%
Suisse (en italien) Svizzera
16%
Belgique (Allemand) Belgien
13%
Luxembourg (en luxembourgeois) Lëtzebuerg
10%
Hongrie Magyarország
10%
Albanie Shqipëri
10%
Serbie Srbija (Србија)
10%
Bosnie-Herzégovine Bosna i Hercegovina
6%
Monténégro Crna Gora (Црна Гора)
6%
Russie Rossija (Росси́я)
6%
Ukraine Ukraina (Украïна)
6%
Lettonie Latvija
3%
Lituanie Lietuva
3%
Slovénie Slovenija
3%
Slovaquie Slovensko
3%
Bulgarie Bǎlgarija (България)
0%
Biélorussie Bielaruś (Белару́сь)
0%
Tchéquie Česko
0%
Grèce Elládha (Ελλάδα)
0%
Chypre Kýpros (Κύπρος)
0%
Macédoine du Nord Makedonija (Македонија)
0%
Vatican (en latin) Sancta Sedes
0%
Suisse (en romanche) Svizra
0%
Aucun quiz correspondant
Distribution des résultats
% des personnes avec chaque résultat
Percentile par nombre de réponses
Votre historique - résultats
Vous n’avez pas pris ce quiz